00305nam a2200121Ia 4500003000400000005001700004008004100021020001500062040002700077100001800104245003000122260003100152OSt20240309150727.0170523s9999 xx 000 0 und d a8180140954 cIIMT UNIVERSITY MEERUT aChauhan- B.S. 0aApplied Chemistry (Hindi) aNew Delhi : Vayu Education